| 000 | 00682nam a2200205 i 4500 | ||
|---|---|---|---|
| 001 | 7426 | ||
| 003 | ES-MaACL | ||
| 005 | 20230906145230.0 | ||
| 007 | t| | ||
| 008 | 901228s1989 sp ||||1| spa d | ||
| 020 | _a84-7723-073-0 | ||
| 080 | _a338:63(462.2) | ||
| 100 | 1 |
_aPérez Díaz, Antonio. _990830 |
|
| 245 | 1 | 0 |
_aCrisis y cambio agricola en la baja Extremadura / _cAntonio Perez Diaz. |
| 260 |
_aCaceres : _bServicio de Publicaciones de la Universidad de Extremadura, _c1989. |
||
| 300 |
_a184 p. ; _c18 cm. |
||
| 651 | 4 |
_aBadajoz (Provincia)- _xSituación agraria. _97853 |
|
| 710 | 2 |
_aUniversidad de Extremadura. _97175 |
|
| 852 |
_aES-MaACL _jL-14692 _bR.118684 _z. - rust. |
||
| 999 |
_c7426 _d7426 |
||